| 000 | 00600nam a2200169 i 4500 | ||
|---|---|---|---|
| 001 | 80334 | ||
| 003 | ES-MaACL | ||
| 005 | 20230906174206.0 | ||
| 007 | t| | ||
| 008 | 041027s1945 sp ||||1| spa d | ||
| 100 | 1 |
_aHierro Delgado, Liborio. _9173865 |
|
| 245 | 1 | 0 |
_aDoctrina polĂtica : _bcontestaciones al programa de oposiciones para ingreso en el Magisterio Nacional / _cLiborio Hierro. |
| 260 |
_aMadrid : _bEditora Nacional, _c1945. |
||
| 300 |
_a95 p. ; _c21 cm. |
||
| 610 | 2 | 4 |
_aCuerpo de Magisterio Nacional Primario- _vContestaciones para oposiciones. _9171658 |
| 852 | 4 |
_aES-MaACL _j1860-F-19 |
|
| 999 |
_c80334 _d80334 |
||